000 00944nam0a22002411 4500
001 rc\4318160
005 20260407225402.0
035 _a(NLR Aleph) 008264610
090 _a8418453
_c8418453
100 _a20130416d1967 |||y0rusy50 ca
101 0 _arus
102 _aRU
105 _ay z |||||
200 1 _aИнформационный бюллетень Пензенского обкома КПСС
210 _aПенза
_cБ. и.
_d1967
333 _aОгранич. пользования
710 0 2 _aКПСС
_bПензенский областной комитет
_3RU\NLR\AUTH\8810154001
_9803125
801 0 _aRU
_bNLR
_gpsbo
801 1 _aRU
_bELAR
_2rusmarc
830 _aПеречень имеющихся в библиотеке томов, номеров, годов этого издания смотри в каталоге периодических изданий
852 _aNLR
_jП22/2913
942 _cBOOK
980 _aNB